[Event "URS-ch otbor56"]
[Site "Uzhgorod"]
[Date "1988.??.??"]
[Round "?"]
[White "Huzman, Alexander"]
[Black "Temirbaev, Serik"]
[Result "1/2-1/2"]
[WhiteElo "2465"]
[BlackElo "2375"]

1.d4 Nf6 2.c4 g6 3.Nc3 Bg7 4.e4 d6 5.Nf3 O-O 6.Be2 e5 7.O-O Nc6 8.d5 Ne7
9.Nd2 a5 10.a3 Nd7 11.Rb1 f5 12.b4 Kh8 13.f3 f4 14.c5 axb4 15.axb4 dxc5 16.bxc5 Nxc5
17.Nc4 b6 18.Ba3 Ba6 19.Bxc5  1/2-1/2

[Event "URS-ch otbor56"]
[Site "Uzhgorod"]
[Date "1988.??.??"]
[Round "?"]
[White "Titov, German"]
[Black "Gleizerov, Evgeny"]
[Result "1/2-1/2"]
[WhiteElo "2385"]
[BlackElo "2405"]

1.d4 Nf6 2.Nf3 g6 3.c4 Bg7 4.Nc3 d6 5.e4 O-O 6.Be2 e5 7.O-O Nc6 8.Be3 Ng4
9.Bg5 f6 10.Bh4 g5 11.Bg3 Nh6 12.dxe5 fxe5 13.Nd5 g4 14.Ne1 Nd4 15.Nc2 Nxe2+
16.Qxe2 Nf7 17.Nce3 Ng5 18.Nf5 Bxf5 19.exf5 h5  1/2-1/2

[Event "FRA-ch"]
[Site "Val Thorens"]
[Date "1988.??.??"]
[Round "4"]
[White "Miralles, Gilles"]
[Black "Haik, Aldo"]
[Result "1/2-1/2"]
[WhiteElo "2405"]
[BlackElo "2370"]

1.d4 Nf6 2.Nf3 g6 3.c4 Bg7 4.Nc3 O-O 5.e4 d6 6.Be2 e5 7.O-O Nc6 8.Be3 Re8
9.dxe5 Nxe5 10.Nxe5 dxe5 11.Qxd8 Rxd8 12.Bg5 c6  1/2-1/2

[Event "Vrnjacka Banja"]
[Site "Vrnjacka Banja"]
[Date "1988.??.??"]
[Round "?"]
[White "Trifunovic, Miroljub"]
[Black "Hazai, Laszlo"]
[Result "1/2-1/2"]
[WhiteElo "2275"]
[BlackElo "2440"]

1.d4 Nf6 2.c4 g6 3.Nc3 Bg7 4.e4 d6 5.Be2 O-O 6.Nf3 e5 7.O-O Nc6 8.Be3 Ng4
9.Bg5 f6 10.Bh4 Nh6 11.dxe5 dxe5 12.Qb3 Kh8 13.Rad1 Qe8 14.Nd5 Rf7 15.h3 Nd8
16.c5 Ne6 17.Qc2 Bd7 18.Bc4 Bb5 19.b4 a5 20.a3 Ng8 21.Rd3 axb4 22.axb4 Qc6
23.Bg3 Bxc4 24.Qxc4 b6 25.Nxb6 Rb8 26.Nd5 Qb5 27.Qc2 Rff8 28.c6 Rf7 29.Bh4 Ra8
30.Rc3 Ra6 31.Rc1 Bh6 32.Rd1 Nf4 33.Rc5 Qe2 34.b5 Ra5 35.Qxe2 Nxe2+ 36.Kf1 Nf4
37.Bg3 Ne6 38.Rc2 Rxb5  1/2-1/2

[Event "Hoogovens-B"]
[Site "Wijk aan Zee"]
[Date "1988.??.??"]
[Round "?"]
[White "Winants, Luc"]
[Black "Douven, Rudy C"]
[Result "1/2-1/2"]
[WhiteElo "2465"]
[BlackElo "2410"]

1.d4 Nf6 2.c4 g6 3.Nc3 Bg7 4.e4 d6 5.Be2 O-O 6.Nf3 e5 7.O-O Nc6 8.d5 Ne7
9.Nd2 a5 10.Rb1 Nd7 11.a3 f5 12.b4 axb4 13.axb4 b6 14.f3 Bh6 15.Nb3 Bxc1
16.Qxc1 Nf6 17.c5 bxc5 18.bxc5 Nh5 19.Ra1 Rxa1 20.Qxa1 Nf4 21.Bc4 Kh8 22.cxd6 cxd6
23.Qa5 Bd7 24.g3 Nh5 25.Bb5 Nf6 26.Qxd8 Rxd8 27.Bxd7 Rxd7 28.Rb1 Rb7  1/2-1/2

[Event "Yerevan"]
[Site "Yerevan"]
[Date "1988.??.??"]
[Round "?"]
[White "Lputian, Smbat G"]
[Black "Akopian, Vladimir"]
[Result "1-0"]
[WhiteElo "2555"]
[BlackElo "2460"]

1.d4 Nf6 2.c4 g6 3.Nc3 Bg7 4.e4 d6 5.Be2 O-O 6.Nf3 e5 7.O-O Nc6 8.d5 Ne7
9.Nd2 Nd7 10.b4 f5 11.c5 dxc5 12.bxc5 Nxc5 13.Ba3 b6 14.Bxc5 bxc5 15.Nb3 Kh8
16.Qd2 fxe4 17.Nxc5 Nf5 18.N5xe4 Bh6 19.Qd3 Nd4 20.Rab1 a5 21.Rfe1 Ba6 22.Qh3 Nxe2+
23.Nxe2 Bg7 24.N2c3 Qe7 25.Red1 Rf5 26.d6 cxd6 27.Rxd6 Bc8 28.Nd5 Qf8 29.Qd3 Ra7
30.Ne3  1-0

[Event "Zalakaros op"]
[Site "Zalakaros"]
[Date "1988.??.??"]
[Round "9"]
[White "Karsa, Laszlo"]
[Black "Brestian, Egon"]
[Result "1/2-1/2"]
[WhiteElo "2400"]
[BlackElo "2395"]

1.d4 Nf6 2.Nf3 g6 3.c4 Bg7 4.Nc3 d6 5.e4 O-O 6.Be2 e5 7.O-O Nc6 8.d5 Ne7
9.Nd2 Nd7 10.b4 f5 11.Ba3 Nf6 12.c5 Bh6 13.f3 Be3+ 14.Kh1 f4 15.Nc4 Bd4 16.Nb5 Bxa1
17.Qxa1 Ne8 18.Nxc7 Qxc7 19.cxd6 Nxd6 20.Qxe5 Ne8 21.Qd4 Nf6 22.b5 Nfxd5
23.exd5 Nf5 24.Qe4 Bd7 25.d6 Qd8 26.Qxf4 Bxb5 27.Qe5 Qe8 28.Qd5+ Kg7 29.Bb2+ Kh6
30.Qd2+ g5 31.Bc1 Qh5 32.Kg1 Qh4 33.Rd1 Rad8 34.Ne5 Rxd6 35.Ng4+ Qxg4 36.Qxd6+ Nxd6
37.Rxd6+ Kg7 38.Bb2+ Kg8 39.fxg4 Bxe2 40.Bf6 Bxg4 41.Bxg5 Re8  1/2-1/2

[Event "Nordic-tt"]
[Site "Aabybro"]
[Date "1989.??.??"]
[Round "?"]
[White "Schlosser, Philipp"]
[Black "Ost Hansen, Jacob"]
[Result "1/2-1/2"]
[WhiteElo "2475"]
[BlackElo "2430"]

1.d4 Nf6 2.Nf3 g6 3.c4 Bg7 4.Nc3 O-O 5.e4 d6 6.Be2 e5 7.O-O Nc6 8.d5 Ne7
9.Ne1 Nd7 10.Nd3 f5 11.Bd2 Nf6 12.f3 Kh8 13.b4 c6 14.Rc1 b5 15.dxc6 bxc4
16.Nb2 Nxc6 17.Nxc4 Be6 18.Be3 Nd4 19.exf5 Nxf5 20.Bf2 Bh6 21.Rc2 Rc8 22.Ne4 Nd5
23.g3 Rxc4 24.Bxc4 Nde3 25.Bxe3 Nxe3 26.Bxe6 Nxd1 27.Rxd1 Qb6+ 28.Kh1 Qe3
29.Rc3 Qe2 30.Rcd3 d5  1/2-1/2

[Event "Nordic-tt"]
[Site "Aabybro"]
[Date "1989.??.??"]
[Round "?"]
[White "Ahlander, Bjorn"]
[Black "Berg, Klaus"]
[Result "0-1"]
[WhiteElo "2415"]
[BlackElo "2420"]

1.d4 Nf6 2.Nf3 g6 3.c4 Bg7 4.Nc3 O-O 5.e4 d6 6.Be2 e5 7.O-O Nc6 8.d5 Ne7
9.Ne1 Nd7 10.Nd3 f5 11.Bd2 Nf6 12.f3 f4 13.c5 g5 14.Rc1 Ng6 15.Nb5 Rf7 16.Ba5 b6
17.cxb6 axb6 18.Bd2 g4 19.Qc2 gxf3 20.Bxf3 Ne8 21.Ne1 Bf6 22.Kh1 Bh4 23.Be2 Bxe1
24.Bxe1 Rg7 25.a4 Bd7 26.Qb3 Bxb5 27.Bxb5 Qg5 28.Bxe8 Rxe8 29.Rc2 Kh8 30.Qh3 Ra8
31.b3 h5 32.Qd3 Nf8 33.Rf3 Nh7 34.Rh3 Rag8 35.Qf3 Qg4 36.Bh4 Qd7 37.Qc3 Rg4
38.Qf3 Qf7 39.Be1 Qg6 40.b4 Nf6 41.Re2 Qe8 42.Ra2 c6 43.a5 cxd5 44.exd5 bxa5
45.bxa5 Qg6 46.a6 Qb1 47.Re2 Qa1 48.Rg3 Qxa6 49.Rxg4 hxg4 50.Qf2 g3 51.Qf3 Qa1
52.Qd3 Rg5 53.hxg3 Rxg3 54.Qf5 Kg7 55.Kh2 Qd1 56.Bxg3 fxg3+ 57.Kh3 Qxe2 58.Qg5+ Kf7
59.Kh4 Qc4+ 60.Kh3 Qc8+  0-1

[Event "Nordic-tt"]
[Site "Aabybro"]
[Date "1989.??.??"]
[Round "?"]
[White "Gausel, Einar"]
[Black "Schmidt, Wlodzimierz"]
[Result "1/2-1/2"]
[WhiteElo "2375"]
[BlackElo "2465"]

1.d4 Nf6 2.c4 g6 3.Nc3 Bg7 4.e4 d6 5.Nf3 O-O 6.Be2 e5 7.O-O Nc6 8.d5 Ne7
9.Nd2 a5 10.a3 c5 11.Rb1 Kh8 12.b4 axb4 13.axb4 b6 14.bxc5 bxc5 15.Qb3 Nd7
16.Nb5 Ra6 17.Bb2 f5 18.f3 Nf6 19.f4 exf4 20.e5 dxe5 21.Bxe5 g5 22.Nf3 Ng6
23.Bc3 Ne4 24.Bxg7+ Kxg7 25.Bd3 Qf6 26.Qc2 g4 27.Nd2 Nxd2 28.Qxd2 Bd7 29.Qf2 f3
30.gxf3 Ne5 31.fxg4 Nxd3 32.Qe3 Bxb5 33.cxb5 Ra2 34.Qxd3 Qe5 35.Qg3 Qd4+
36.Kh1 Qxd5+ 37.Qf3 Qd2 38.Qh3 Qd5+ 39.Qf3 Qe5 40.Qh3 Qe4+ 41.Qf3 Qc2 42.Qh3 Rd8
43.gxf5 Rd2 44.Qg3+ Kf7  1/2-1/2

[Event "Alma-Ata"]
[Site "Alma-Ata"]
[Date "1989.??.??"]
[Round "5"]
[White "Vladimirov, Evgeny"]
[Black "Temirbaev, Serik"]
[Result "1-0"]
[WhiteElo "2550"]
[BlackElo "2390"]

1.d4 Nf6 2.c4 g6 3.Nc3 Bg7 4.e4 d6 5.Nf3 O-O 6.Be2 e5 7.O-O Nc6 8.d5 Ne7
9.Nd2 a5 10.a3 Nd7 11.Rb1 f5 12.b4 Kh8 13.f3 f4 14.Nb5 b6 15.c5 bxc5 16.bxc5 Nxc5
17.a4 g5 18.Ba3 Na6 19.Qc2 Rf7 20.Rfc1 Ng6 21.Qc6 Bd7 22.Qb7 Be8 23.Na7 Nb4
24.Bxb4 axb4 25.Rxb4 c5 26.dxc6 Rxa7 27.Qb8 Qa5 28.Nb3 Qc7 29.Qxe8+ Rf8 30.Qe6 Rf6
31.Qd5 Ne7 32.Qb5 Rf8 33.Qb6 Qxb6+ 34.Rxb6 Rxa4 35.c7 Nc8 36.Rb8 Ra3 37.Bc4 h5
38.Be6 Ne7 39.Ra1 Rxa1+ 40.Nxa1 Bh6 41.Nc2  1-0

[Event "ARG-ch"]
[Site "?"]
[Date "1989.??.??"]
[Round "3"]
[White "Servat, Roberto"]
[Black "Rodriguez, Jorge Luis"]
[Result "1-0"]
[WhiteElo "2445"]
[BlackElo "2265"]

1.d4 Nf6 2.c4 g6 3.Nc3 Bg7 4.e4 d6 5.Nf3 O-O 6.Be2 e5 7.O-O Nc6 8.d5 Ne7
9.Ne1 Nd7 10.Nd3 f5 11.Bd2 Rf7 12.Rc1 Qf8 13.f3 Bh6 14.Nb5 Bxd2 15.Qxd2 Qd8
16.c5 Nf6 17.cxd6 cxd6 18.Nc7 fxe4 19.fxe4 Nxe4 20.Qb4 Bf5 21.Nxa8 Nxd5 22.Qb3 Nef6
23.Nb4 Nxb4 24.Qxb4 d5 25.g4 Nxg4 26.Bxg4 Qg5 27.h3 h5 28.Qe1 hxg4 29.Qg3 Rh7
30.h4 Rxh4 31.Qxe5 Rh1+ 32.Kxh1 Be4+ 33.Qxe4 dxe4 34.Rc8+ Kg7 35.Rc7+ Kh6
36.Kg2 Qe3 37.Rc3 Qd4 38.Nc7 g5 39.Ne6 Qe5 40.Nc5 e3 41.Re1 Qd5+ 42.Kg1 Qxa2
43.Rcxe3 Qxb2 44.Re6+ Kh5 45.Ne4 g3 46.Nxg3+ Kg4 47.R1e2  1-0

[Event "ARG-ch"]
[Site "?"]
[Date "1989.??.??"]
[Round "16"]
[White "Rodriguez, Jorge Luis"]
[Black "Najdorf, Miguel"]
[Result "1/2-1/2"]
[WhiteElo "2265"]
[BlackElo "2465"]

1.c4 Nf6 2.Nc3 g6 3.e4 d6 4.d4 Bg7 5.Nf3 O-O 6.Be2 e5 7.O-O Nc6 8.d5 Ne7
9.Ne1 Nd7 10.Nd3 f5 11.Bd2 Nf6 12.f3 f4 13.c5 g5 14.Rc1 Ng6 15.cxd6 cxd6
16.Nb5  1/2-1/2

[Event "EU-ch U20"]
[Site "Arnhem"]
[Date "1989.??.??"]
[Round "?"]
[White "Topalov, Veselin"]
[Black "Agnos, Demetrios"]
[Result "1-0"]
[WhiteElo "2460"]
[BlackElo "2375"]

1.d4 Nf6 2.c4 g6 3.Nc3 Bg7 4.e4 d6 5.Nf3 O-O 6.Be2 e5 7.O-O Nc6 8.d5 Ne7
9.Ne1 Nd7 10.Nd3 f5 11.Bd2 c5 12.Rb1 Nf6 13.f3 f4 14.b4 b6 15.bxc5 bxc5 16.Qa4 g5
17.Nd1 a5 18.Qb3 Ng6 19.Nc3 Qe7 20.Na4 Bd7 21.Nb6 Rab8 22.Qc2 Rxb6 23.Rxb6 g4
24.Rb7 g3 25.h3 Qd8 26.Rfb1 Nh4 27.Ne1 Bc8 28.Rb8 Qd7 29.Bf1 h5 30.Bxa5 Nh7
31.Bc3 Ng5 32.a4 Bf6 33.a5 Kf7 34.R1b6 Rg8 35.a6 Be7 36.Rxc8 Qxc8 37.Qa2 Nxh3+
38.gxh3 g2 39.Bxg2 Qxh3 40.a7 Rxg2+ 41.Qxg2 Nxg2 42.Nxg2 Qxf3 43.a8=Q Qxc3
44.Qh8  1-0

[Event "EU-ch U20"]
[Site "Arnhem"]
[Date "1989.??.??"]
[Round "?"]
[White "Borge, Nikolaj"]
[Black "Degraeve, Jean Marc"]
[Result "0-1"]
[WhiteElo "2245"]
[BlackElo "2365"]

1.d4 Nf6 2.c4 g6 3.Nc3 Bg7 4.e4 d6 5.Nf3 O-O 6.Be2 e5 7.O-O Nc6 8.d5 Ne7
9.Ne1 Nd7 10.Bd2 f5 11.Nd3 Nf6 12.f3 f4 13.g4 g5 14.Kg2 h5 15.h3 Ng6 16.Be1 Rf7
17.b4 Bf8 18.Rh1 Rh7 19.Bf2 Kg7 20.Qd2 Be7 21.a4 Rh6 22.a5 a6 23.b5 axb5
24.cxb5 Qh8 25.Qa2 Qh7 26.Rac1 Bd7 27.Qa1 Rh8 28.Rcg1 hxg4 29.hxg4 Rh3 30.a6 bxa6
31.bxa6 Bc8 32.a7 Bb7 33.Nb5 Nh4+ 34.Kf1 Rxh1 35.Rxh1 Nxe4 36.Bxh4 Ng3+ 37.Ke1 Nxh1
38.Nxc7 Qxh4+ 39.Kd2 Bf6 40.Qb1 Ba8 41.Nxa8 e4 42.Qb7+ Kg6 43.Nb6 Qh2 44.a8=Q exd3
45.Kxd3 Qf2 46.Qa2 Qd4+ 47.Kc2 Qc3+ 48.Kb1 Qe1+ 49.Kc2 Rh2 50.Kb3 Rxe2 51.Qc8 Rxa2
52.Qg8+ Bg7 53.Kxa2 Qa5+ 54.Kb3 Qxb6+ 55.Ka4 Qa7+ 56.Kb4 Qf7 57.Qc8  0-1

[Event "Athens Akropolis (Women)"]
[Site "Athens"]
[Date "1989.??.??"]
[Round "?"]
[White "Flear, Christine"]
[Black "Nikolin, Zorica"]
[Result "1-0"]
[WhiteElo "2170"]
[BlackElo "2240"]

1.d4 Nf6 2.c4 g6 3.Nc3 Bg7 4.e4 d6 5.Be2 O-O 6.Nf3 e5 7.O-O Nc6 8.d5 Ne7
9.Nd2 c6 10.Rb1 b5 11.b4 bxc4 12.dxc6 d5 13.exd5 Nfxd5 14.Nxd5 Nxd5 15.Bxc4 Nc3
16.Qb3 Nxb1 17.Nxb1 Qc7 18.b5 Re8 19.Nc3 Be6 20.Nd5 Qc8 21.Ba3 Bxd5 22.Bxd5 Qc7
23.Bc5 Bf8 24.b6 axb6 25.Bxb6 Qe7 26.c7 Rac8 27.Qc4 Qf6 28.Ba5 Bd6 29.Bb7 e4
30.Bxc8 Rxc8 31.g3 Qf5 32.Bb6 h5 33.Rd1 Be7 34.Rd8+ Kg7 35.Rxc8 Qxc8 36.Qxe4 Bf6
37.h4 Qd7 38.Qc4 Qc8 39.Qd5 Qa6 40.Qc6  1-0

[Event "Athens op"]
[Site "Athens"]
[Date "1989.??.??"]
[Round "?"]
[White "Skembris, Spyridon"]
[Black "Georgiev, Biser"]
[Result "1-0"]
[WhiteElo "2455"]
[BlackElo "2335"]

1.d4 Nf6 2.c4 g6 3.Nc3 Bg7 4.e4 d6 5.Be2 O-O 6.Nf3 e5 7.O-O Nc6 8.d5 Ne7
9.Ne1 Nd7 10.Nd3 f5 11.Bd2 Rf7 12.f3 f4 13.b4 g5 14.c5 Nf6 15.Rc1 Ng6 16.Nf2 h5
17.h3 Bf8 18.Qb3 Rg7 19.cxd6 cxd6 20.Rc2 Bd7 21.a4 Rc8 22.Rfc1 Be7 23.Nb5 Rxc2
24.Rxc2 Bxb5 25.Bxb5 a6 26.Bc6 Qa8 27.b5 axb5 28.Bxb5 Bd8 29.Bb4 g4 30.Kf1 gxf3
31.gxf3 Bb6 32.Bxd6 Bxf2 33.Kxf2 Nh4 34.Bc5 Kh7 35.d6 Qd8 36.Kf1 Qc8 37.d7 Nxd7
38.Bf2 Qd8 39.Rd2  1-0

[Event "Augustow"]
[Site "Augustow"]
[Date "1989.??.??"]
[Round "3"]
[White "Ostrowski, Leszek"]
[Black "Pedzich, Dominik"]
[Result "1/2-1/2"]
[WhiteElo "2380"]
[BlackElo "2360"]

1.d4 Nf6 2.c4 g6 3.Nc3 Bg7 4.e4 d6 5.Be2 O-O 6.Nf3 e5 7.O-O Nc6 8.d5 Ne7
9.Nd2 a5 10.a3 Ne8 11.Rb1 f5 12.b4 axb4 13.axb4 fxe4 14.Ndxe4 Nf5 15.Bg5 Qd7
16.c5 h6 17.Bd2 Nd4 18.Bd3 Qe7 19.cxd6 Nxd6 20.Nxd6 Qxd6 21.Rc1 Bf5 22.Ne4 Qb6
23.Rc5 Ra3 24.Bc3 Rf7 25.h3 Bf8 26.Rc4 c6 27.d6 Bg7 28.Bxd4 exd4 29.Re1 Qd8
30.Rc2 Kh7 31.Rce2 Rd7 32.Nc5 Rxd3 33.Nxd3 Rxd6 34.Re7 Rd7 35.Rxd7 Qxd7 36.Nc5 Qf7
37.Qf3 b6 38.Ne4 Qd5 39.h4 d3 40.Nd2 Qxf3 41.Nxf3 Bc3 42.Rd1 Kg7 43.Rc1 Bxb4
44.Rxc6 d2  1/2-1/2

[Event "Augustow"]
[Site "Augustow"]
[Date "1989.??.??"]
[Round "5"]
[White "Terzic, Safet"]
[Black "Kislov, Mikhail"]
[Result "1/2-1/2"]
[WhiteElo "2360"]
[BlackElo "2415"]

1.d4 Nf6 2.Nf3 g6 3.c4 Bg7 4.Nc3 d6 5.e4 O-O 6.Be2 e5 7.O-O Nc6 8.d5 Ne7
9.Nd2 Ne8 10.a3 a5 11.Rb1 f5 12.b4 axb4 13.axb4 Kh8 14.c5  1/2-1/2

[Event "AUT-chT"]
[Site "?"]
[Date "1989.??.??"]
[Round "?"]
[White "Titz, Heimo"]
[Black "Beni, Alfred"]
[Result "1-0"]
[WhiteElo "2210"]
[BlackElo "2235"]

1.c4 Nf6 2.Nf3 g6 3.Nc3 Bg7 4.e4 d6 5.d4 O-O 6.Be2 e5 7.O-O Nc6 8.Be3 Ng4
9.Bg5 f6 10.Bh4 g5 11.Bg3 Nh6 12.d5 Ne7 13.Nd2 f5 14.f3 f4 15.Bf2 c5 16.dxc6 bxc6
17.b4 Be6 18.Nb3 Kh8 19.b5 d5 20.cxd5 cxd5 21.Nc5 Bg8 22.exd5 Nxd5 23.N3e4 Nf5
24.a4 Nfe3 25.Bxe3 Nxe3 26.Qxd8 Rfxd8 27.Rfc1 h6 28.a5 Bf8 29.b6 axb6 30.axb6 Rxa1
31.Rxa1 Bxc5 32.Nxc5 Nc2 33.Ra7 Nd4 34.Bd3 Nb3 35.Rd7 Rxd7 36.Nxd7 Na5 37.Be4 Be6
38.Nxe5 Bc8 39.Nf7+ Kg7 40.Nd6  1-0

[Event "AUT-chT"]
[Site "?"]
[Date "1989.??.??"]
[Round "?"]
[White "Hoelzl, Franz"]
[Black "Kostic, Vladimir"]
[Result "1/2-1/2"]
[WhiteElo "2350"]
[BlackElo "2335"]

1.d4 Nf6 2.c4 g6 3.Nc3 Bg7 4.e4 d6 5.Be2 O-O 6.Nf3 e5 7.O-O Nc6 8.d5 Ne7
9.Nd2 Nd7 10.b4 f5 11.c5 Nf6 12.f3 Rf7 13.Nc4 Ne8 14.g4 Kh8 15.h4 Ng8 16.Qe1 f4
17.Kg2 Ngf6 18.Rh1 Bf8 19.cxd6 cxd6 20.Bb2 Bd7 21.Nd1 Rc8 22.Nf2 Nxg4 23.Nxg4 Bxg4
24.Bxe5+ dxe5 25.Nxe5 Bxf3+ 26.Nxf3 Nd6 27.Bd3 Bg7 28.e5 Re7 29.h5 Rxe5 30.Nxe5 Qg5+
31.Kf3 Bxe5 32.hxg6 Rc3 33.Rd1 Nc4 34.Rxh7+ Kg8 35.Rh8+ Kg7 36.Rh7+ Kg8 37.Rh8+ Kg7
38.Rh7+  1/2-1/2

[Event "Bad Mergentheim op"]
[Site "Bad Mergentheim"]
[Date "1989.??.??"]
[Round "?"]
[White "Lengyel, Levente"]
[Black "Kersten, Uwe"]
[Result "1/2-1/2"]
[WhiteElo "2385"]
[BlackElo "2215"]

1.Nf3 d6 2.d4 Nf6 3.c4 g6 4.Nc3 Bg7 5.e4 O-O 6.Be2 e5 7.O-O Nc6 8.Be3 Re8
9.dxe5 dxe5 10.h3 Bd7 11.c5 Qc8 12.Qc2 h6 13.Rfd1 Kh7 14.a3 a5 15.Bc4 Nd8
16.Bb5 Nc6 17.Bf1 Nh5 18.Rd2 Be6 19.Nb5 f5 20.exf5 gxf5 21.Rdd1 Ne7 22.Bc4 Bxc4
23.Qxc4 Ng6 24.Nh4 Ra6 25.Bd2 f4 26.Qe4 Qd7 27.a4 Qe7 28.Nf5 Qf7 29.Nxg7 Qxg7
30.Qxb7 Rf6 31.Qe4 Kh8 32.Kh1 Nh4 33.Bc3  1/2-1/2

[Event "Bad Mergentheim op"]
[Site "Bad Mergentheim"]
[Date "1989.??.??"]
[Round "?"]
[White "Dietz, Holger"]
[Black "Roeder, Mathias"]
[Result "1-0"]
[WhiteElo "2210"]
[BlackElo "2435"]

1.d4 Nf6 2.c4 g6 3.Nc3 Bg7 4.e4 d6 5.Nf3 O-O 6.Be2 e5 7.O-O Nc6 8.d5 Ne7
9.Ne1 Nd7 10.Be3 f5 11.f3 f4 12.Bf2 g5 13.Nb5 b6 14.b4 Nf6 15.c5 Ng6 16.cxd6 cxd6
17.Rc1 g4 18.Nc7 g3 19.Nxa8 Nh5 20.Kh1 gxf2 21.Rxf2 Bf6 22.Bf1 Bh4 23.Rfc2 Bd7
24.Nc7 Bg3 25.Ne6 Qh4 26.h3 Bf2 27.Nd3 Be3 28.Nxf8 Ng3+ 29.Kh2 Nxf8 30.Rc7 Bxh3
31.gxh3 Nxe4 32.Bg2 Ng5 33.Qe1 Qh5 34.R1c2 Ng6 35.Rxa7 e4 36.Qc3 Nf7 37.Qf6 Nf8
38.Rc8  1-0

[Event "Bad Orb op"]
[Site "Bad Orb"]
[Date "1989.??.??"]
[Round "?"]
[White "Sinkovics, Peter"]
[Black "Rosenberger, Berthold"]
[Result "1-0"]
[WhiteElo "2290"]
[BlackElo "2315"]

1.d4 Nf6 2.Nf3 g6 3.c4 Bg7 4.Nc3 O-O 5.e4 d6 6.Be2 e5 7.O-O Nc6 8.d5 Ne7
9.Nd2 Ne8 10.b4 a5 11.bxa5 Rxa5 12.Nb3 Ra8 13.Be3 f5 14.f3 f4 15.Bf2 g5 16.c5 Ng6
17.a4 h5 18.Re1 Rf7 19.a5 Bf8 20.c6 bxc6 21.dxc6 Rg7 22.a6 Nh4 23.h3 g4 24.fxg4 hxg4
25.Bxg4 Rxa6 26.Bxh4 Qxh4 27.Bxc8 Rxa1 28.Nxa1 Qg3 29.Bg4 Qxc3 30.Qb3+ Qxb3
31.Nxb3 Nf6 32.Be6+ Kh8 33.Ra1 Re7 34.Bf5 d5 35.exd5 Nxd5 36.Ra8 Kg7 37.Rd8 Ne3
38.Bd7 Rf7 39.Kf2 Bd6 40.Nd2 Bc5 41.Ne4 Bb6 42.Rb8 Bd4 43.Kf3 Rf8 44.Rb7 Ra8
45.Rxc7 Nd5 46.Rb7 Ra3+ 47.Ke2 Kf8 48.Bf5 Ra2+ 49.Kf3 Rc2 50.Be6 Ne7 51.c7 Rc1
52.Rb8+ Kg7 53.c8=Q Nxc8 54.Rxc8 Rf1+ 55.Kg4 Re1 56.Rc7+ Kf8 57.Nf6 e4 58.Rf7+  1-0

[Event "GMA-qual"]
[Site "Belgorod"]
[Date "1989.??.??"]
[Round "?"]
[White "Kozlov, V."]
[Black "Taborov, Boris"]
[Result "1/2-1/2"]
[WhiteElo "2420"]
[BlackElo "2385"]

1.d4 Nf6 2.c4 g6 3.Nc3 Bg7 4.e4 d6 5.Be2 O-O 6.Nf3 e5 7.O-O Nc6 8.d5 Ne7
9.Nd2 c5 10.Rb1 Ne8 11.b4 b6 12.bxc5 bxc5 13.Nb3 f5 14.Bg5 h6 15.Bxe7 Qxe7
16.Na5 Nf6 17.Nc6 Qd7 18.exf5 gxf5 19.Qc2 Re8 20.Rb3 e4 21.Qd2 Bb7 22.Na5 Ba6
23.Rfb1 Ng4 24.Bxg4 fxg4 25.Re1 Qf5 26.Qc2 Rf8 27.Nxe4 Rae8 28.f3 Kh8 29.Nc6 Qg6
30.fxg4 Qxg4 31.Rbe3 Bb7 32.Nf2 Rxe3 33.Rxe3 Qg5 34.Re2 Bxc6 35.dxc6 Bd4
36.g3 Qf6 37.c7 Qf7 38.Qd2 Kg7 39.Qf4 Qxc7 40.Qg4+ Kh7 41.Qe4+ Kg7 42.Kg2 Qf7
43.Qe7 Bxf2 44.Qxf7+ Rxf7 45.Rxf2 Rb7 46.Rd2 Rb4 47.Rxd6 a5 48.Rd7+ Kg6 49.Rd6+ Kg7
50.Rd7+ Kg6 51.Rd6+  1/2-1/2

[Event "GMA-qual"]
[Site "Belgorod"]
[Date "1989.??.??"]
[Round "?"]
[White "Purgin, Nikolaj"]
[Black "Piesina, Gintautas"]
[Result "1/2-1/2"]
[WhiteElo "2285"]
[BlackElo "2430"]

1.d4 Nf6 2.Nf3 g6 3.c4 Bg7 4.Nc3 O-O 5.e4 d6 6.Be2 e5 7.O-O Nc6 8.Be3 Re8
9.dxe5 dxe5 10.h3 Nd7 11.c5 Nf8 12.Bb5 Bd7 13.Bg5 f6 14.Be3 Kh8 15.Qd2 Qc8
16.Rfd1 Rd8 17.Qe2 a6 18.Bc4 g5 19.Kh2 Ne6 20.Nd5 Be8 21.b4 Bh5 22.g4 Bg6
23.Bd3 h5 24.a4 Re8 25.b5 axb5 26.axb5 Rxa1 27.Rxa1 Ncd4 28.Bxd4 exd4 29.e5 Nf8
30.Qc2 Bxd3 31.Qxd3 fxe5 32.Nxg5 e4 33.Qc4 hxg4 34.Rg1 c6 35.Nf4 cxb5 36.Qd5 Qd7
37.Nf7+ Kh7 38.Qh5+ Kg8 39.Nd6 Re5 40.Qh4 Rxc5 41.Nxe4 Rc6 42.Rxg4 Nh7 43.Nh5 Rh6
44.Nef6+ Nxf6 45.Nxf6+ Rxf6 46.Qxf6 d3 47.f4 b4 48.Qb2 d2 49.Qb3+ Kh7 50.Qc2+ Kh8
51.Rg1 Bh6 52.Qb2+ Bg7 53.Qc2 Bc3 54.Qg6 Bg7 55.Qc2 Qd6 56.Qc8+ Kh7 57.Qf5+  1/2-1/2

[Event "Belgrade op"]
[Site "Belgrade"]
[Date "1989.??.??"]
[Round "2"]
[White "Chekhov, Valery A"]
[Black "Strikovic, Aleksa"]
[Result "1/2-1/2"]
[WhiteElo "2480"]
[BlackElo "2470"]

1.d4 g6 2.c4 Bg7 3.e4 d6 4.Nc3 Nf6 5.Be2 O-O 6.Nf3 e5 7.O-O Nc6 8.d5 Ne7
9.Nd2 a5 10.a3 c6 11.Rb1 Qc7 12.b4 axb4 13.axb4 cxd5 14.exd5 Bf5 15.Rb2 Bd7
16.Nb3 Nf5 17.Bg5 h6 18.Bxf6 Bxf6 19.c5 e4 20.Rc2 Bxc3 21.Rxc3 Ba4 22.Bg4 dxc5
23.Bxf5 Qe5 24.Qd2 cxb4 25.Rh3 e3 26.Rxe3 Qxf5 27.Nc5 Rfd8 28.Qxb4 Bc2 29.Rc3 Ra2
30.Nxb7  1/2-1/2

[Event "Belgrade op"]
[Site "Belgrade"]
[Date "1989.??.??"]
[Round "7"]
[White "Jovicic, Milos"]
[Black "Robovic, Saudin"]
[Result "1-0"]
[WhiteElo "2350"]
[BlackElo "2365"]

1.Nf3 Nf6 2.c4 g6 3.Nc3 Bg7 4.e4 d6 5.d4 O-O 6.Be2 e5 7.O-O Nc6 8.Be3 Ng4
9.Bg5 Bf6 10.Bxf6 Nxf6 11.h3 exd4 12.Nxd4 Re8 13.Qd3 Qe7 14.f3 Qe5 15.Nxc6 bxc6
16.f4 Qc5+ 17.Kh1 Ba6 18.b3 Re7 19.a3 Rae8 20.b4 Qb6 21.e5 Nd5 22.Na4 Qe3
23.b5 Qxd3 24.Bxd3 Nxf4 25.Rxf4 cxb5 26.cxb5 dxe5 27.Rf6 Bc8 28.Nc5 Rd8 29.Raf1 Kg7
30.Bc4 Bf5 31.Ra6 Rd4 32.Bb3 e4 33.g4 Bc8 34.Raf6 Bf5 35.Rxf7+ Rxf7 36.Bxf7 e3
37.Bb3 Bd3 38.Rf7+ Kh6 39.g5+  1-0

[Event "Benidorm op"]
[Site "Benidorm"]
[Date "1989.??.??"]
[Round "?"]
[White "Bass, Leonid"]
[Black "Fernandez Aguado, Enrique"]
[Result "1-0"]
[WhiteElo "2430"]
[BlackElo "2380"]

1.d4 Nf6 2.c4 g6 3.Nc3 Bg7 4.e4 d6 5.Nf3 O-O 6.Be2 e5 7.O-O Nc6 8.Be3 Ng4
9.Bg5 f6 10.Bh4 g5 11.Bg3 Nh6 12.dxe5 fxe5 13.c5 g4 14.Nd2 dxc5 15.Nb3 Nd4
16.Nxc5 Qe7 17.Nb3 c6 18.Bc4+ Kh8 19.Ne2 Rd8 20.Nbxd4 exd4 21.Nf4 Qg5 22.Nd3 Bd7
23.a4 Rf8 24.Qb3 b6 25.Rae1 Ng8 26.e5 Be8 27.e6 Rf5 28.Qd1 Ne7 29.Re4 h5
30.Bf4 Qg6 31.Ne5 Qf6 32.Bg3 c5 33.Rfe1 Kg8 34.h3 Rd8 35.hxg4 hxg4 36.Nd7 Qh6
37.Qxg4 Rh5 38.f3 Bg6 39.Rf4 Rh1+ 40.Kf2 Rxe1 41.Kxe1 Qh1+ 42.Kf2 Qc1 43.Bh4 Re8
44.Bxe7 Rxe7 45.Nf6+ Bxf6 46.Qxg6+ Bg7 47.Rf7 Qe3+ 48.Kg3 Qe5+ 49.f4  1-0

[Event "Lasker mem"]
[Site "Berlin"]
[Date "1989.??.??"]
[Round "2"]
[White "Lutz, Christopher"]
[Black "Berg, Klaus"]
[Result "1/2-1/2"]
[WhiteElo "2410"]
[BlackElo "2420"]

1.d4 Nf6 2.c4 g6 3.Nc3 Bg7 4.e4 d6 5.Nf3 O-O 6.Be2 e5 7.O-O Nc6 8.d5 Ne7
9.Ne1 Nd7 10.Nd3 f5 11.Bd2 Nf6 12.f3 Kh8 13.Qc1 c6 14.Kh1 a5 15.a3 Bd7 16.b4 fxe4
17.fxe4 axb4 18.axb4 Rxa1 19.Qxa1 b5 20.dxc6 Nxc6 21.cxb5 Nd4 22.Qd1 Nxb5
23.Nxb5 Bxb5 24.Nf2 Qb6 25.Bxb5  1/2-1/2

[Event "Lasker mem"]
[Site "Berlin"]
[Date "1989.??.??"]
[Round "3"]
[White "Gruenberg, Hans Ulrich"]
[Black "Wahls, Matthias"]
[Result "1/2-1/2"]
[WhiteElo "2510"]
[BlackElo "2535"]

1.d4 Nf6 2.c4 g6 3.Nc3 Bg7 4.e4 d6 5.Be2 O-O 6.Nf3 e5 7.O-O Nc6 8.Be3 Re8
9.dxe5 dxe5 10.h3 Nh5 11.Qxd8 Nxd8 12.Rfd1 Nf4 13.Bf1 c6 14.a3 Nfe6 15.c5 f5
16.Bc4 f4 17.Bc1 Kf8 18.b4 g5 19.Bb2 h5 20.Ne2 Nf7 21.g4 Ke7 22.Nc1 hxg4
23.hxg4 Ned8 24.Nh2 Rh8 25.f3 Be6 26.Bxe6 Nxe6 27.Kg2 a5 28.Nb3 axb4 29.axb4 Nd4
30.Nxd4 exd4 31.Nf1 Rhd8 32.Nd2 Ne5 33.Rxa8 Rxa8 34.Bxd4 Nxg4 35.fxg4 Bxd4
36.Nf3 Ra2+ 37.Kh1 Bc3 38.Nxg5 Bxb4 39.Rb1 Bxc5 40.Rxb7+ Kf6 41.Nf3 Rf2 42.Rc7 Rxf3
43.Rxc6+ Ke5 44.Rxc5+ Kd4 45.Ra5 Rg3 46.Ra4+ Ke5 47.Kh2 Rxg4 48.Ra5+ Kxe4
49.Ra4+ Kf5 50.Ra5+ Kg6 51.Ra6+ Kg5 52.Ra5+ Kh4 53.Rf5 f3  1/2-1/2

[Event "Lasker mem"]
[Site "Berlin"]
[Date "1989.??.??"]
[Round "5"]
[White "Feick, Stefan"]
[Black "Berg, Klaus"]
[Result "1-0"]
[WhiteElo "2380"]
[BlackElo "2420"]

1.d4 Nf6 2.c4 g6 3.Nc3 Bg7 4.e4 d6 5.Nf3 O-O 6.Be2 e5 7.O-O Nc6 8.d5 Ne7
9.Ne1 Nd7 10.Nd3 f5 11.Bd2 Nf6 12.f3 Kh8 13.g4 c6 14.a4 a5 15.Kh1 Bd7 16.b4 axb4
17.Nxb4 Rf7 18.Nd3 Qc7 19.Rg1 Raf8 20.Qb3 h6 21.Rab1 Bc8 22.Qa3 c5 23.Be3 Neg8
24.Nb5 Qd8 25.Nxd6 Qxd6 26.Bxc5 Qd8 27.Nxe5 fxe4 28.Nxg6+ Kh7 29.Nxf8+ Bxf8
30.fxe4 Bxc5 31.Qxc5 Nxe4 32.Bd3 Nf6 33.Rbe1 Bf5 34.Qd4 Nf2+ 35.Qxf2 Bxd3
36.Qd4 Bg6 37.Re6 Nd7 38.d6 Nb8 39.c5 Nc6 40.Qe3 Qa5 41.g5 h5 42.Rxg6 Kxg6
43.Qe6+ Kg7 44.g6 Rf4 45.Qd7+ Kf6 46.Qf7+ Ke5 47.Rg5+ Ke4 48.Qd5+ Ke3 49.Rg3+ Ke2
50.Qd3+ Ke1 51.Rg1+ Kf2 52.Rf1+  1-0